| 000 | 00504nam a2200181Ia 4500 | ||
|---|---|---|---|
| 005 | 20260429111909.0 | ||
| 008 | 260429s9999||||xx |||||||||||||| ||und|| | ||
| 020 | _a9780367827069 | ||
| 041 | _aEnglish | ||
| 082 |
_a660.6 _bBHA |
||
| 100 | _aBhargava, Atul | ||
| 245 | 0 |
_aBiotechnology : _brecent trends and emerging dimensions / _cAtul Bhargava |
|
| 260 |
_aBoca Raton : _bCRC Press, _c2018. |
||
| 300 | _axi, 180 p.; hb | ||
| 650 | _aBiotechnology | ||
| 700 | _a Srivastava, Shilpi | ||
| 942 | _cTB | ||
| 999 |
_c51327 _d51327 |
||